Vzťah medzi ekonomickým rastom a zamestnanosťou v SR bakalárska práca

Gespeichert in:
Bibliographische Detailangaben
1. Verfasser: Valter, Patrik
Körperschaft: Národohospodárska fakulta EU. Katedra hospodárskej politiky
Weitere Verfasser: Hudcovský, Martin, 1988-
Format: Buch
Sprache:Slowakisch
Veröffentlicht: Bratislava 2018
Tags: Tag hinzufügen
Keine Tags, Fügen Sie das erste Tag hinzu!

MARC

LEADER 00000nbm a2200000 4500
001 0245883
005 20181214132835.5
041 0 |a slo 
044 |a SK 
245 1 0 |a Vzťah medzi ekonomickým rastom a zamestnanosťou v SR  |b bakalárska práca  |c Patrik Valter ; školiteľ: Martin Hudcovský 
264 1 |a Bratislava  |c 2018 
300 |a 56 s. 
100 1 |a Valter, Patrik 
700 1 |a Hudcovský, Martin, 1988- 
710 2 |a Národohospodárska fakulta EU. Katedra hospodárskej politiky